| 000 | 00490nam a2200181Ia 4500 | ||
|---|---|---|---|
| 005 | 20250508162453.0 | ||
| 008 | 008 250505s9999 xx 000 0 hin d | ||
| 037 | _aTextual | ||
| 040 |
_aFEDL _beng _cFEDL |
||
| 041 |
_ahin _2eng |
||
| 084 |
_a507, NIG _qFEDL |
||
| 100 |
_aNigam D S _9761328 |
||
| 245 | 0 | _aVigyan shikshan | |
| 260 |
_aChandigarh, India _bHaryana Hindi Granth Akadami _c1975 |
||
| 300 | _aix,438p | ||
| 942 |
_cTEXL _h507, NIG |
||
| 999 |
_c1376755 _d1376755 |
||